Estadísticas para Los 10 Países Europeos con el IDH más Bajo

Haz click aquí para tomar la prueba!

Estadísticas generales

  • Esta prueba ha sido tomada 1,079 veces
  • La puntuación promedio es 8 de 10

Estadísticas de respuestas

IDH País % Correcto
0.776Serbia
89%
0.743Ucrania
88%
0.802Rumania
87%
0.764Albania
87%
0.796Bielorrusia
86%
0.794Bulgaria
85%
0.699Moldavia
84%
0.748Macedonia del Norte
83%
0.750Bosnia y Herzegovina
82%
0.804Rusia
66%

Distribución de puntuación

Porcentaje por número respondido

Porcentaje de gente con cada puntuación

Historial de tus puntuaciones

No has tomado esta prueba